[Event "Brunei Campomanes Memorial"]
[Site "Bandar Seri Begawan"]
[Date "2012.04.11"]
[Round "7"]
[White "Hj, Azahari Md Nur Arri"]
[Black "Hj, Azahari Md Aliuddin"]
[Result "1/2-1/2"]
[WhiteElo "1986"]
[BlackElo "2097"]
[PlyCount "71"]
[EventDate "2012.04.08"]
[EventType "swiss"]
[EventRounds "9"]
[EventCountry "BRN"]
[SourceTitle "CBM 147 Extra"]
[Source "ChessBase"]
[SourceDate "2012.04.24"]
[SourceVersion "1"]
[SourceVersionDate "2012.04.24"]
[SourceQuality "1"]

1. d4 d5 2. e3 Nf6 3. Bd3 g6 4. f4 Bg7 5. Nf3 c5 6. c3 cxd4 7. cxd4 Nc6 8. 0-0 0-0 9. Nc3 b6 10. Ne5 Bb7 11. Nxc6 Bxc6 12. Bd2 Ne4 13. Bxe4 dxe4 14. Rc1 Rc8 15. Qb3 e6 16. a3 Qd7 17. h3 h5 18. Rc2 Rc7 19. Rfc1 Rfc8 20. Be1 Bb7 21. Bg3 f5 22. Nd1 Bd5 23. Rxc7 Rxc7 24. Rxc7 Qxc7 25. Qc3 Qxc3 26. Nxc3 a6 27. Bh4 Bf8 28. Na4 b5 29. Nc5 a5 30. Bd8 a4 31. Nd7 Bd6 32. Ne5 Bxe5 33. dxe5 Bc4 34. h4 Kf7 35. Kf2 Bd3 36. Ke1 1/2-1/2

[Event "Brunei Campomanes Memorial"]
[Site "Bandar Seri Begawan"]
[Date "2012.04.10"]
[Round "5"]
[White "Hj, Azahari Md Nur Arri"]
[Black "Pg Hj Mohd, Limbang"]
[Result "1-0"]
[WhiteElo "1986"]
[BlackElo "2105"]
[PlyCount "103"]
[EventDate "2012.04.08"]
[EventType "swiss"]
[EventRounds "9"]
[EventCountry "BRN"]
[SourceTitle "CBM 147 Extra"]
[Source "ChessBase"]
[SourceDate "2012.04.24"]
[SourceVersion "1"]
[SourceVersionDate "2012.04.24"]
[SourceQuality "1"]

1. e4 e5 2. Nf3 Nc6 3. Bc4 h6 4. 0-0 d6 5. h3 Be7 6. c3 Nf6 7. Qc2 Na5 8. Be2 0-0 9. d4 Nc6 10. d5 Nb8 11. Be3 Nh7 12. Nh2 f5 13. f3 f4 14. Bf2 Bh4 15. c4 Bxf2+ 16. Rxf2 Qh4 17. Nc3 Ng5 18. Bf1 Qg3 19. Kh1 Rf6 20. b4 Rg6 21. Bd3 Na6 22. a3 Bd7 23. c5 dxc5 24. Bxa6 Rxa6 25. bxc5 Rf8 26. Rd2 Rff6 27. Qd3 c6 28. d6 Rg6 29. Ng4 Rxa3 30. Rxa3 Qe1+ 31. Kh2 Qg3+ 32. Kg1 Qe1+ 33. Qf1 Qxd2 34. Qd1 Qxd1+ 35. Nxd1 Bxg4 36. hxg4 a6 37. Nb2 Ne6 38. Nd3 Rg5 39. Rb3 Nd8 40. Nb2 Kf7 41. Nc4 Ke6 42. Na5 h5 43. gxh5 Rxh5 44. Nxb7 Rh8 45. Nxd8+ Rxd8 46. Rb7 Ra8 47. Kh2 a5 48. Kh3 a4 49. Kg4 a3 50. Kg5 Re8 51. Ra7 g6 52. Rxa3 1-0

[Event "Brunei Campomanes Memorial"]
[Site "Bandar Seri Begawan"]
[Date "2012.04.09"]
[Round "4"]
[White "Muhd, Kasim Abdul Matin"]
[Black "Hj, Azahari Md Nur Arri"]
[Result "0-1"]
[WhiteElo "2036"]
[BlackElo "1986"]
[PlyCount "109"]
[EventDate "2012.04.08"]
[EventType "swiss"]
[EventRounds "9"]
[EventCountry "BRN"]
[SourceTitle "CBM 147 Extra"]
[Source "ChessBase"]
[SourceDate "2012.04.24"]
[SourceVersion "1"]
[SourceVersionDate "2012.04.24"]
[SourceQuality "1"]

1. e4 e5 2. Nf3 Nc6 3. d4 exd4 4. Nxd4 Qf6 5. Nxc6 bxc6 6. Bd3 Bc5 7. 0-0 Ne7 8. Nc3 0-0 9. Be3 Bb4 10. Qd2 d5 11. Bg5 Bxc3 12. bxc3 Qd6 13. Bxe7 Qxe7 14. Rfe1 Qd6 15. e5 Qc5 16. Kh1 Be6 17. Re3 f6 18. Rg3 Kh8 19. exf6 Rxf6 20. Qg5 Qe7 21. Qh4 h6 22. Re1 Qf7 23. Rge3 Re8 24. h3 Bd7 25. Rxe8+ Bxe8 26. Kg1 Re6 27. f4 Rxe1+ 28. Qxe1 Bd7 29. Qe5 Bc8 30. g4 Kg8 31. Kh2 Kf8 32. Kg3 Qe7 33. Qxe7+ Kxe7 34. h4 c5 35. c4 d4 36. f5 a5 37. Kf4 Kd7 38. g5 hxg5+ 39. hxg5 Ba6 40. f6 gxf6 41. gxf6 Ke6 42. Kg5 Kf7 43. Bg6+ Kf8 44. Bd3 Kf7 45. Kf5 Bc8+ 46. Ke5 Bb7 47. Bf5 Bf3 48. Be6+ Kf8 49. Bf5 Kf7 50. Be6+ Kf8 51. Bd5 Be2 52. Be4 Bxc4 53. Bd5 Be2 54. Be6 Bf3 55. Bc8 0-1

[Event "ASEAN-ch9 U18"]
[Site "Da Nang"]
[Date "2008.06.14"]
[Round "9"]
[White "Rian, Kapriaga"]
[Black "Hj, Azahari Md Nur Arri"]
[Result "1-0"]
[WhiteElo "2051"]
[BlackElo "2073"]
[PlyCount "43"]
[EventDate "2008.06.10"]
[EventType "swiss"]
[EventRounds "9"]
[EventCountry "VIE"]
[SourceTitle "CBM 125 Extra"]
[Source "ChessBase"]
[SourceDate "2008.09.01"]
[SourceVersion "1"]
[SourceVersionDate "2008.09.01"]
[SourceQuality "1"]

1. e4 e5 2. Nf3 Nc6 3. d4 exd4 4. Bc4 Bc5 5. c3 Nf6 6. e5 d5 7. exd6 Qxd6 8. 0-0 0-0 9. Qc2 Ne5 10. Nxe5 Qxe5 11. Nd2 dxc3 12. bxc3 Be6 13. Nf3 Qd6 14. Rd1 Qb6 15. Bd3 Bg4 16. Rb1 Bxf3 17. gxf3 Qc6 18. Kg2 Rad8 19. Bg5 Rd5 20. Bxf6 Qxf6 21. Bxh7+ Kh8 22. Rxd5 1-0

[Event "ASEAN-ch9 U18"]
[Site "Da Nang"]
[Date "2008.06.12"]
[Round "5"]
[White "Hj, Azahari Md Nur Arri"]
[Black "Nguyen, Ngoc Hiep"]
[Result "0-1"]
[WhiteElo "2073"]
[BlackElo "2033"]
[PlyCount "88"]
[EventDate "2008.06.10"]
[EventType "swiss"]
[EventRounds "9"]
[EventCountry "VIE"]
[SourceTitle "CBM 125 Extra"]
[Source "ChessBase"]
[SourceDate "2008.09.01"]
[SourceVersion "1"]
[SourceVersionDate "2008.09.01"]
[SourceQuality "1"]

1. e4 c5 2. Nf3 d6 3. Bb5+ Nd7 4. 0-0 a6 5. Bxd7+ Bxd7 6. c3 c4 7. d4 cxd3 8. Qxd3 Qc7 9. b3 g6 10. c4 Bg7 11. Nc3 Nf6 12. Bb2 0-0 13. Nd5 Nxd5 14. Bxg7 Nf4 15. Qe3 Nh3+ 16. gxh3 Kxg7 17. Nd4 Qc5 18. Rad1 Rad8 19. h4 Qh5 20. Qg5 Qxg5+ 21. hxg5 h6 22. h4 hxg5 23. hxg5 Rh8 24. f4 Rh4 25. Rd2 Rdh8 26. Rff2 Rg4+ 27. Kf1 Rhh4 28. f5 gxf5 29. Nxf5+ Bxf5 30. Rxf5 Rf4+ 31. Kg1 Rhg4+ 32. Rg2 Rxe4 33. Rxg4 Rxg4+ 34. Kf2 Kg6 35. Rf3 Kxg5 36. Rxf7 Rf4+ 37. Rxf4 Kxf4 38. Ke2 Ke4 39. Kd2 Kf3 40. b4 e5 41. a4 e4 42. a5 Kf2 43. b5 e3+ 44. Kc3 e2 0-1

[Event "ASEAN-ch9 U18"]
[Site "Da Nang"]
[Date "2008.06.12"]
[Round "6"]
[White "Hj, Azahari Md Nur Arri"]
[Black "Sabli, Mohd Arif Afifi"]
[Result "1/2-1/2"]
[WhiteElo "2073"]
[BlackElo "2047"]
[PlyCount "65"]
[EventDate "2008.06.10"]
[EventType "swiss"]
[EventRounds "9"]
[EventCountry "VIE"]
[SourceTitle "CBM 125 Extra"]
[Source "ChessBase"]
[SourceDate "2008.09.01"]
[SourceVersion "1"]
[SourceVersionDate "2008.09.01"]
[SourceQuality "1"]

1. e4 e5 2. Nf3 Nc6 3. Bc4 Bc5 4. c3 Nf6 5. d4 exd4 6. cxd4 Bb4+ 7. Nc3 Nxe4 8. 0-0 Bxc3 9. d5 Bf6 10. Re1 Ne7 11. Rxe4 d6 12. Bg5 Bxg5 13. Nxg5 0-0 14. Nxh7 Kxh7 15. Qh5+ Kg8 16. Rh4 f5 17. Qh7+ Kf7 18. Rh6 Rg8 19. Re1 Qf8 20. Bb5 Rh8 21. Qxh8 gxh6 22. Qh7+ Kf6 23. Rxe7 Qxe7 24. Qxh6+ Kf7 25. Qh7+ Kf8 26. Qh8+ Kf7 27. Qh7+ Kf6 28. Qh6+ Ke5 29. Qe3+ Kf6 30. Qh6+ Kf7 31. Qh7+ Kf6 32. Qh6+ Kf7 33. Qh7+ 1/2-1/2